00671 2200241 4500001002100000005001700021008004100038020001800079035002400097040001200121082001100133090001700144100002200161245007400183250001100257260002800268300002000296500005300316650002000369700001800389850001200407990001000419YOGYA-0412000000008620120416201514.0 ind  a979-403-077-5 0010-041200000000086 aYOPDYOG a899.23 a899.23 Hit M aHITCHCOCK, Alfred aMisteri teka-teki anehcAlfred Hitchcock ; alih bahasa, Agus Setiadi. aCet.2. aJakartabGramediac1987 a239 hlm.c18 cm aJudul asli : the mystery of the dead mans riddle aFiksi Indonesia aSetiadi, Agus aYOPDYOG a079-P